[Event "4NCL Division Three East"]
[Site "Daventry, ENG"]
[Date "2023.03.25"]
[Round "7.61"]
[White "Seymour, Timothy P"]
[Black "Lee, Richard W Y"]
[Result "1-0"]
[WhiteElo "2107"]
[BlackElo "2098"]
[PlyCount "113"]
[EventDate "2023.03.25"]
[WhiteTeam "Surbiton"]
[BlackTeam "Cambridge University 2"]

1. Nf3 d5 2. e3 Nf6 3. c4 e6 4. Nc3 Be7 5. b3 O-O 6. Bb2 c5 7. cxd5 exd5 8. d4
Nc6 9. Be2 Bg4 10. dxc5 Bxc5 11. O-O Re8 12. Rc1 Bf8 13. h3 Be6 14. Bd3 Qd7 15.
Ne2 Ne4 16. Ned4 Rac8 17. Nxe6 Qxe6 18. Bb1 f6 19. Nd4 Nxd4 20. Rxc8 Rxc8 21.
Qxd4 Bc5 22. Qd3 Bb6 23. Rd1 Rd8 24. f3 Ng5 25. Bd4 g6 26. h4 Nf7 27. Bxb6 Qxb6
28. Qd4 Ne5 29. Qxb6 axb6 30. Be4 Ra8 31. Bxd5+ Kf8 32. a4 Rd8 33. e4 Ke7 34.
Kf1 Rd7 35. Ke2 Rc7 36. Kd2 h6 37. f4 Nc6 38. Rc1 Kd6 39. Ke3 Rg7 40. g4 g5 41.
hxg5 hxg5 42. Bxc6 bxc6 43. Rh1 Kc5 44. Rc1+ Kd6 45. Rh1 Kc5 46. Rh6 Rf7 47.
Rh8 b5 48. axb5 cxb5 49. f5 Kb4 50. Rb8 Rd7 51. Rb6 Rf7 52. e5 fxe5 53. Ke4 Rh7
54. f6 Rh4 55. f7 Rxg4+ 56. Kxe5 Rf4 57. Rf6 1-0

[Event "4NCL Division Three East"]
[Site "Daventry, ENG"]
[Date "2023.03.25"]
[Round "7.62"]
[White "Atako, Chino C"]
[Black "Scott, David A"]
[Result "1-0"]
[WhiteElo "2023"]
[BlackElo "2079"]
[PlyCount "155"]
[EventDate "2023.03.25"]
[WhiteTeam "Cambridge University 2"]
[BlackTeam "Surbiton"]

1. d4 d5 2. Nf3 Nf6 3. g3 e6 4. Bg2 b5 5. a4 b4 6. a5 c5 7. O-O Be7 8. c4 bxc3
9. bxc3 Ba6 10. Ne5 O-O 11. Nd2 cxd4 12. cxd4 Nfd7 13. Ndf3 f6 14. Nd3 Re8 15.
Bh3 Bd6 16. Ba3 Bxa3 17. Rxa3 Nc6 18. Qa4 Rc8 19. Rc1 Ncb8 20. Rac3 Rc4 21.
Rxc4 Bxc4 22. Nf4 Nf8 23. e4 g5 24. exd5 exd5 25. Nh5 Kf7 26. Bf5 Be2 27. Kg2
Qe7 28. Qb3 Rd8 29. Rc3 Bc4 30. Qc2 Kg8 31. h4 Qf7 32. g4 gxh4 33. Kh3 Nc6 34.
Qa4 Ne7 35. Nxh4 Nfg6 36. Re3 Rd6 37. Qb4 Bf1+ 38. Kg3 Nxh4 39. Kxh4 Nxf5+ 40.
gxf5 Rd8 41. Re7 Qf8 42. Rg7+ Kh8 43. Qb7 Be2 44. Rxh7+ Kg8 45. Rg7+ Kh8 46.
Qf7 Qxf7 47. Rxf7 Kg8 48. Rxa7 Rd6 49. Re7 Bxh5 50. Kxh5 Ra6 51. Kg6 Kf8 52.
Re6 Rxa5 53. Kxf6 Ra2 54. f4 Rf2 55. Ke5 Kf7 56. Rd6 Rf1 57. Rd7+ Ke8 58. Ra7
Kf8 59. f6 Rf2 60. f7 Rf1 61. f5 Rf2 62. Ke6 Kg7 63. Ke5 Rf1 64. f6+ Kf8 65.
Ra8+ Kxf7 66. Ra7+ Ke8 67. Ke6 Re1+ 68. Kxd5 Re2 69. Kd6 Rd2 70. d5 Rd1 71.
Re7+ Kf8 72. Ke6 Re1+ 73. Kd7 Rf1 74. f7 Ra1 75. d6 Ra2 76. Kc8 Ra1 77. Rc7 Rd1
78. d7 1-0

[Event "4NCL Division Three East"]
[Site "Daventry, ENG"]
[Date "2023.03.25"]
[Round "7.63"]
[White "Dupre, Paul D"]
[Black "Chan, Nevil"]
[Result "1-0"]
[WhiteElo "1936"]
[BlackElo "2004"]
[PlyCount "61"]
[EventDate "2023.03.25"]
[WhiteTeam "Surbiton"]
[BlackTeam "Cambridge University 2"]

1. c4 b6 2. Nc3 Bb7 3. e4 e6 4. Nge2 Ne7 5. d3 d5 6. cxd5 exd5 7. Bf4 Ng6 8.
Bg3 Bd6 9. f4 dxe4 10. dxe4 O-O 11. h4 Re8 12. e5 Be7 13. h5 Qxd1+ 14. Rxd1 Nf8
15. Nd4 a6 16. h6 g6 17. f5 Bd6 18. Ne6 Nxe6 19. exd6 Nd4+ 20. Kf2 Nxf5 21.
dxc7 Nxg3 22. Kxg3 Nc6 23. Nd5 Re6 24. Nxb6 Rae8 25. Bc4 Re3+ 26. Kf2 Na7 27.
Rd7 R3e7 28. Rxe7 Rxe7 29. Rd1 Kf8 30. Rd8+ Re8 31. Rb8 1-0

[Event "4NCL Division Three East"]
[Site "Daventry, ENG"]
[Date "2023.03.25"]
[Round "7.64"]
[White "Alldritt, Nigel R E"]
[Black "Faulks, Nick"]
[Result "1-0"]
[WhiteElo "1993"]
[BlackElo "1811"]
[PlyCount "119"]
[EventDate "2023.03.25"]
[WhiteTeam "Cambridge University 2"]
[BlackTeam "Surbiton"]

1. d4 Nf6 2. c4 c5 3. d5 b5 4. cxb5 a6 5. bxa6 e6 6. Nc3 exd5 7. Nxd5 Bxa6 8.
Bg5 Be7 9. Nxe7 Qxe7 10. Nf3 O-O 11. e3 Bxf1 12. Kxf1 Qe6 13. Bxf6 Qxf6 14. Qc2
Qa6+ 15. Kg1 Nc6 16. a3 Nb4 17. Qd2 Rab8 18. Rd1 Nc6 19. h3 Qb6 20. Kh2 Qxb2
21. Qxb2 Rxb2 22. Rxd7 Rxf2 23. Rc7 Nd8 24. Rxc5 Ra2 25. Rc3 Re8 26. Rc8 Kf8
27. Rd1 Ne6 28. Rc3 Ra8 29. Rdd3 Rb8 30. Rd2 Rxd2 31. Nxd2 Ke7 32. Nb3 Ra8 33.
Nd4 Nxd4 34. exd4 Ra4 35. Rd3 Kd6 36. Kg3 Kd5 37. Kf4 Ra6 38. Ke3 Rg6 39. g4
Re6+ 40. Kd2 Ra6 41. Kc2 f6 42. Kd2 Ra4 43. Ke3 Ra7 44. Rc3 Re7+ 45. Kd3 Ra7
46. Rb3 g6 47. Rc3 Ra6 48. h4 Ra7 49. h5 gxh5 50. gxh5 Ra6 51. Rb3 Ra7 52. Rb5+
Kd6 53. Ke4 Rxa3 54. Rb6+ Ke7 55. Rb7+ Kf8 56. Rxh7 Kg8 57. Rd7 Rh3 58. Kf5
Rxh5+ 59. Kg6 Rg5+ 60. Kxf6 1-0

[Event "4NCL Division Three East"]
[Site "Daventry, ENG"]
[Date "2023.03.25"]
[Round "7.65"]
[White "Alcock, Graham P"]
[Black "Gooding, Ian"]
[Result "0-1"]
[WhiteElo "1763"]
[BlackElo "1949"]
[PlyCount "90"]
[EventDate "2023.03.25"]
[WhiteTeam "Surbiton"]
[BlackTeam "Cambridge University 2"]

1. e4 e6 2. d4 d5 3. Bd3 dxe4 4. Bxe4 Nf6 5. Bf3 c5 6. Ne2 Nc6 7. c3 cxd4 8.
Nxd4 Nxd4 9. Qxd4 Qxd4 10. cxd4 Bd6 11. Nc3 a6 12. O-O Rb8 13. Re1 O-O 14. a3
b5 15. b4 Bb7 16. Ne4 Nxe4 17. Bxe4 Rfc8 18. Bxb7 Rxb7 19. Be3 Kf8 20. Rac1
Rbc7 21. Rxc7 Rxc7 22. Rc1 Ke7 23. h3 Kd7 24. Kf1 Rc4 25. Ke2 Kc6 26. Rxc4+
bxc4 27. Kd2 a5 28. bxa5 Bxa3 29. a6 Bb4+ 30. Kc2 Kb6 31. a7 Kxa7 32. d5+ Kb7
33. dxe6 fxe6 34. Bd4 g6 35. f3 Kc6 36. Bf2 Kd5 37. Be3 e5 38. Bf2 Bc5 39. Be1
Bd4 40. g4 e4 41. fxe4+ Kxe4 42. h4 Kf4 43. g5 Kg4 44. Kd2 Bb6 45. Kc2 Bc7 0-1

[Event "4NCL Division Three East"]
[Site "Daventry, ENG"]
[Date "2023.03.25"]
[Round "7.66"]
[White "Webster, Peter A N"]
[Black "Boughen, Andrew"]
[Result "1/2-1/2"]
[WhiteElo "1917"]
[BlackElo "1767"]
[PlyCount "48"]
[EventDate "2023.03.25"]
[WhiteTeam "Cambridge University 2"]
[BlackTeam "Surbiton"]

1. e4 c6 2. d4 d5 3. exd5 cxd5 4. c4 Nf6 5. Nc3 Nc6 6. Nf3 Bg4 7. cxd5 Nxd5 8.
Qb3 Bxf3 9. gxf3 e6 10. Qxb7 Nxd4 11. Bb5+ Nxb5 12. Qc6+ Ke7 13. Qxb5 Qd7 14.
Nxd5+ Qxd5 15. Qxd5 exd5 16. Be3 Ke6 17. O-O-O Rc8+ 18. Kb1 Bc5 19. Rhe1 Kd6
20. Rd3 Rhd8 21. Red1 Ke6 22. Rc1 Bb6 23. Bxb6 Rxc1+ 24. Kxc1 axb6 1/2-1/2

[Event "4NCL Division Three East"]
[Site "Daventry, ENG"]
[Date "2023.03.26"]
[Round "8.21"]
[White "Cooksey, Paul S"]
[Black "Ciuravin, Andrei"]
[Result "0-1"]
[WhiteElo "2266"]
[BlackElo "2129"]
[PlyCount "114"]
[EventDate "2023.03.26"]
[WhiteTeam "Crowthorne A"]
[BlackTeam "Hull & East Riding Tigers"]

1. d4 f5 2. Nf3 e6 3. g3 Nf6 4. Bg2 d5 5. O-O Bd6 6. c4 c6 7. b3 Qe7 8. Ne5
Nbd7 9. Bf4 O-O 10. Nxd7 Nxd7 11. Bxd6 Qxd6 12. Nd2 f4 13. c5 Qe7 14. gxf4 Rxf4
15. e3 Rf6 16. f4 b6 17. cxb6 axb6 18. Qc2 Bb7 19. Nf3 Rc8 20. Qb2 c5 21. Rfc1
Rff8 22. Bh3 h6 23. Qg2 Ba6 24. Rd1 Rf6 25. Rac1 Qe8 26. Kh1 Nf8 27. Qd2 Nd7
28. Rg1 Rg6 29. Bg2 Rf6 30. Rc2 Qe7 31. Rgc1 Rff8 32. Rc3 Qd6 33. h3 c4 34.
bxc4 dxc4 35. Ne5 b5 36. a3 Nf6 37. Rg1 Nd5 38. Bxd5 Qxd5+ 39. Kh2 Bb7 40. Rcc1
Rfe8 41. Qe1 Re7 42. Qh4 Rec7 43. Rc3 Kh7 44. Qg4 Rf8 45. Qg6+ Kh8 46. Qb1 Rf6
47. Qb4 Kh7 48. a4 bxa4 49. Qxa4 Qe4 50. Ng4 Rff7 51. Nf2 Qf3 52. Qc2+ Kh8 53.
Ng4 Qd5 54. Ne5 Rf5 55. Rxc4 Rxc4 56. Qxc4 Rxe5 57. Qc7 Qa2+ 0-1

[Event "4NCL Division Three East"]
[Site "Daventry, ENG"]
[Date "2023.03.26"]
[Round "8.22"]
[White "Varley, Joe"]
[Black "Webb, Richard M"]
[Result "1/2-1/2"]
[WhiteElo "2051"]
[BlackElo "2188"]
[PlyCount "32"]
[EventDate "2023.03.26"]
[WhiteTeam "Hull & East Riding Tigers"]
[BlackTeam "Crowthorne A"]

1. e4 c5 2. Nf3 d6 3. c3 Nf6 4. h3 Nc6 5. Bd3 g6 6. O-O Bg7 7. Re1 O-O 8. Bc2
e5 9. d3 h6 10. Nbd2 Re8 11. Nf1 d5 12. Ng3 Be6 13. Ba4 Bd7 14. Bb3 Be6 15. Ba4
Bd7 16. Bb3 Be6 1/2-1/2

[Event "4NCL Division Three East"]
[Site "Daventry, ENG"]
[Date "2023.03.26"]
[Round "8.23"]
[White "Thompson, Ian D"]
[Black "Vleeshhouwer, Douglas"]
[Result "1-0"]
[WhiteElo "2083"]
[BlackElo "2056"]
[PlyCount "47"]
[EventDate "2023.03.26"]
[WhiteTeam "Crowthorne A"]
[BlackTeam "Hull & East Riding Tigers"]

1. c4 e5 2. Nc3 Nc6 3. g3 f5 4. Bg2 Nf6 5. d3 Bc5 6. e3 d6 7. Nge2 Bb6 8. d4
Bd7 9. b3 O-O 10. O-O Qe8 11. Ba3 e4 12. c5 dxc5 13. dxc5 Ba5 14. b4 Bxb4 15.
Bxb4 Nxb4 16. Qb3+ Be6 17. Qxb4 b6 18. cxb6 cxb6 19. Rfd1 Ng4 20. Nf4 Bf7 21.
Nb5 a5 22. Qb2 Rb8 23. Nd6 Qe7 24. Nxf5 1-0

[Event "4NCL Division Three East"]
[Site "Daventry, ENG"]
[Date "2023.03.26"]
[Round "8.24"]
[White "Hodge, Steve R"]
[Black "Duckers, Harvey L"]
[Result "1/2-1/2"]
[WhiteElo "2024"]
[BlackElo "2032"]
[PlyCount "112"]
[EventDate "2023.03.26"]
[WhiteTeam "Hull & East Riding Tigers"]
[BlackTeam "Crowthorne A"]

1. e4 c5 2. Nf3 e6 3. d3 Nc6 4. g3 d5 5. Qe2 Be7 6. Bg2 Nf6 7. O-O b6 8. e5 Nd7
9. c4 d4 10. Re1 Bb7 11. h4 h6 12. h5 Qc7 13. Na3 a6 14. Nc2 O-O-O 15. Bd2 Rde8
16. Rab1 f6 17. exf6 Bxf6 18. b4 e5 19. b5 Nd8 20. bxa6 Bxa6 21. Na3 Nf7 22.
Nb5 Bxb5 23. Rxb5 Nd6 24. Rb3 e4 25. dxe4 Rxe4 26. Qd3 Rxe1+ 27. Bxe1 b5 28.
Ra3 Nb6 29. Ba5 Re8 30. Nd2 b4 31. Bxb6 Qxb6 32. Ra8+ Kd7 33. Rxe8 Kxe8 34. Ne4
Nxe4 35. Qxe4+ Be7 36. Qa8+ Bd8 37. Qd5 Be7 38. Be4 Qf6 39. Bg6+ Kf8 40. Kg2 d3
41. Bxd3 Qd6 42. Qf5+ Bf6 43. Qc8+ Bd8 44. Be4 Qc7 45. Qf5+ Bf6 46. Bd5 Ke8 47.
Qe6+ Kd8 48. Qg8+ Ke7 49. Qf7+ Kd8 50. Qe6 Bd4 51. Qg8+ Ke7 52. Qf7+ Kd8 53.
Qf5 Qe7 54. Qf4 Kc8 55. Qf5+ Kd8 56. Qf4 Kc8 1/2-1/2

[Event "4NCL Division Three East"]
[Site "Daventry, ENG"]
[Date "2023.03.26"]
[Round "8.25"]
[White "Purdon, Colin"]
[Black "Collinson, Mark I"]
[Result "1-0"]
[WhiteElo "1976"]
[BlackElo "2034"]
[PlyCount "71"]
[EventDate "2023.03.26"]
[WhiteTeam "Crowthorne A"]
[BlackTeam "Hull & East Riding Tigers"]

1. d4 Nf6 2. c4 e6 3. Nf3 c5 4. d5 exd5 5. cxd5 d6 6. Nc3 g6 7. Nd2 Bg7 8. e4
O-O 9. Be2 Na6 10. O-O Nc7 11. a4 a6 12. Nc4 Rb8 13. Bf4 Nfe8 14. e5 dxe5 15.
Nxe5 g5 16. Bg3 f6 17. Nc4 f5 18. Be5 b5 19. axb5 axb5 20. Bxg7 Kxg7 21. Ne5
Qd6 22. Nc6 Rb6 23. Qc1 h6 24. Rd1 Bd7 25. Ra7 Nf6 26. Rxc7 Qxc7 27. Nxb5 Rxb5
28. Bxb5 Qd6 29. Na7 Nxd5 30. Bxd7 Qxd7 31. Qxc5 Rd8 32. Nc6 Rc8 33. Qd4+ Kg8
34. Qxd5+ Qxd5 35. Ne7+ Kf7 36. Nxd5 1-0

[Event "4NCL Division Three East"]
[Site "Daventry, ENG"]
[Date "2023.03.26"]
[Round "8.26"]
[White "Thompson, Keith"]
[Black "Coates, Kenneth G"]
[Result "1-0"]
[WhiteElo "1886"]
[BlackElo "1973"]
[PlyCount "80"]
[EventDate "2023.03.26"]
[WhiteTeam "Hull & East Riding Tigers"]
[BlackTeam "Crowthorne A"]

1. e4 e5 2. Nf3 Nc6 3. Bb5 f5 4. Nc3 Nf6 5. Bxc6 dxc6 6. Qe2 Bd6 7. O-O O-O 8.
d3 Qe7 9. exf5 Bxf5 10. Ng5 Rae8 11. Nge4 Nxe4 12. Nxe4 h6 13. Bd2 Qh4 14. Rae1
Re6 15. Ng3 e4 16. dxe4 Rxe4 17. Be3 Rfe8 18. Qd2 Bg6 19. c3 b6 20. Qd1 R4e5
21. Bd4 Rh5 22. Rxe8+ Bxe8 23. h3 Bxg3 24. fxg3 Qxg3 25. Rf3 Qd6 26. Qe2 Bg6
27. Re3 Rd5 28. Re6 Qg3 29. Re3 Qf4 30. Rf3 Qd6 31. Re3 Bf7 32. Re5 c5 33. Rxd5
Qxd5 34. Be5 c6 35. a3 c4 36. Bd4 c5 37. Be5 Bg6 38. Bb8 a6 39. Bc7 Qc6 40. Qe7
Bf7 1-0

[Event "4NCL Division Three East"]
[Site "Daventry, ENG"]
[Date "2023.03.26"]
[Round "8.31"]
[White "Tippleston, Charles E"]
[Black "Salmons, Calum"]
[Result "0-1"]
[WhiteElo "2058"]
[BlackElo "1959"]
[PlyCount "74"]
[EventDate "2023.03.26"]
[WhiteTeam "MK Phoenix 1"]
[BlackTeam "Sussex Martlets 2"]

1. e4 c5 2. Nf3 d6 3. Bb5+ Nd7 4. a4 Ngf6 5. Nc3 g6 6. O-O Bg7 7. Re1 a6 8. Bf1
b6 9. d4 cxd4 10. Nxd4 Bb7 11. f3 O-O 12. Be3 Rc8 13. Qd2 Re8 14. Bh6 Bh8 15.
Rad1 Ne5 16. h4 Nc4 17. Bxc4 Rxc4 18. Qf2 Qc7 19. Rd3 Nd7 20. h5 Nc5 21. Rdd1
Nxa4 22. Nxa4 Rxa4 23. c3 Ra5 24. hxg6 hxg6 25. Be3 Rh5 26. g4 Rh7 27. Ne2 b5
28. Nf4 Bf6 29. Re2 Kg7 30. Nd5 Bxd5 31. Rxd5 Reh8 32. Qg2 Qc4 33. Rdd2 b4 34.
g5 Be5 35. Bd4 Bxd4+ 36. Rxd4 Rh1+ 37. Kf2 Qc5 0-1

[Event "4NCL Division Three East"]
[Site "Daventry, ENG"]
[Date "2023.03.26"]
[Round "8.32"]
[White "Ursell, Adam R"]
[Black "Freeman, Richard C P"]
[Result "0-1"]
[WhiteElo "1943"]
[BlackElo "2018"]
[PlyCount "114"]
[EventDate "2023.03.26"]
[WhiteTeam "Sussex Martlets 2"]
[BlackTeam "MK Phoenix 1"]

1. e4 c5 2. Nf3 g6 3. d4 cxd4 4. Nxd4 Bg7 5. c4 Nc6 6. Be3 Nh6 7. h3 Nxd4 8.
Bxd4 Bxd4 9. Qxd4 f6 10. Nc3 Nf7 11. g3 b6 12. Bg2 Bb7 13. Rd1 Bc6 14. O-O Rc8
15. f4 O-O 16. b3 Qc7 17. Rfe1 Nd6 18. g4 Nf7 19. Rf1 g5 20. fxg5 Nxg5 21. Qe3
d6 22. Nd5 Bxd5 23. exd5 Qc5 24. Rd4 Nf7 25. Kh2 Kh8 26. Qf4 Rg8 27. Re4 Ne5
28. Re3 Rg5 29. Bf3 Rcg8 30. Be4 Rxg4 31. Qf5 R8g7 32. Re2 R4g5 33. Qf4 Rg1 34.
Rff2 Qd4 35. Rg2 Qd1 36. Rxg7 Rxg7 37. Qf2 Qc1 38. Bg2 Qh6 39. Kh1 Nd3 40. Qf5
Nf4 41. Rf2 Nxg2 42. Rxg2 Rxg2 43. Kxg2 Qg6+ 44. Qg4 Kg7 45. Kf2 Qxg4 46. hxg4
Kg6 47. Kg3 f5 48. Kf4 fxg4 49. Kxg4 Kf6 50. Kf4 e6 51. dxe6 Kxe6 52. Kg5 d5
53. cxd5+ Kxd5 54. Kh6 Kd4 55. Kxh7 Kc3 56. Kg6 Kb2 57. Kf5 Kxa2 0-1

[Event "4NCL Division Three East"]
[Site "Daventry, ENG"]
[Date "2023.03.26"]
[Round "8.33"]
[White "Brown, Alan M"]
[Black "Graham, William M"]
[Result "1/2-1/2"]
[WhiteElo "1987"]
[BlackElo "1996"]
[PlyCount "47"]
[EventDate "2023.03.26"]
[WhiteTeam "MK Phoenix 1"]
[BlackTeam "Sussex Martlets 2"]

1. d4 Nf6 2. c4 g6 3. Nc3 Bg7 4. e4 d6 5. Be2 O-O 6. Bg5 Na6 7. h3 c5 8. d5 h6
9. Be3 Nc7 10. Nf3 b6 11. O-O Bb7 12. Nh2 e6 13. Qd2 exd5 14. exd5 Kh7 15. Ng4
Nxg4 16. Bxg4 a6 17. a4 Ne8 18. f4 f5 19. Bf3 Bc8 20. Rab1 a5 21. Rbe1 Ra7 22.
Bf2 Bf6 23. Re2 Rff7 24. Rfe1 1/2-1/2

[Event "4NCL Division Three East"]
[Site "Daventry, ENG"]
[Date "2023.03.26"]
[Round "8.34"]
[White "Honarvar, Hooman"]
[Black "Elwin, Adrian G"]
[Result "0-1"]
[WhiteElo "1885"]
[BlackElo "1966"]
[PlyCount "74"]
[EventDate "2023.03.26"]
[WhiteTeam "Sussex Martlets 2"]
[BlackTeam "MK Phoenix 1"]

1. e4 c6 2. d4 d5 3. e5 Bf5 4. Nf3 e6 5. Be2 Nd7 6. O-O Ne7 7. Nbd2 Qc7 8. Nb3
f6 9. exf6 Nxf6 10. Ne5 Nc8 11. Bf4 Bd6 12. Nc5 Qe7 13. Ncd3 Nb6 14. b3 Nbd7
15. Nxd7 Nxd7 16. Bg4 O-O 17. Bxd6 Qxd6 18. Re1 Rae8 19. Ne5 Bxg4 20. Nxg4 Qf4
21. g3 Qf5 22. f4 Qg6 23. Re3 h5 24. Ne5 Nxe5 25. Rxe5 Rxf4 26. Re2 Ref8 27.
Qd2 Rg4 28. Rae1 Rf6 29. Qb4 h4 30. Qxb7 hxg3 31. h3 Rh4 32. Kg2 Qf5 33. Qb8+
Kh7 34. Qxg3 Rg6 35. Re3 Rxg3+ 36. Rxg3 Qxc2+ 37. Kf1 Rf4+ 0-1

[Event "4NCL Division Three East"]
[Site "Daventry, ENG"]
[Date "2023.03.26"]
[Round "8.35"]
[White "Lambourne, Dan M"]
[Black "Hedger, Alec"]
[Result "0-1"]
[WhiteElo "1975"]
[BlackElo "1952"]
[PlyCount "94"]
[EventDate "2023.03.26"]
[WhiteTeam "MK Phoenix 1"]
[BlackTeam "Sussex Martlets 2"]

1. d4 d5 2. Nf3 c6 3. e3 e6 4. Bd3 f5 5. c4 Nf6 6. Nc3 Bd6 7. c5 Bc7 8. b4 Nbd7
9. Ng5 Qe7 10. f4 O-O 11. O-O Ne4 12. Ncxe4 fxe4 13. Be2 e5 14. dxe5 Nxe5 15.
Bb2 h6 16. fxe5 Rxf1+ 17. Qxf1 Qxg5 18. Qf4 Be6 19. Rf1 Qe7 20. Bd4 Rf8 21. Qg3
Rxf1+ 22. Kxf1 Bd8 23. a4 Qh4 24. Qxh4 Bxh4 25. b5 Bc8 26. g3 Bd8 27. Ke1 Kf7
28. bxc6 bxc6 29. Kd2 g5 30. Bh5+ Kf8 31. g4 Be6 32. Ke2 Bf7 33. Kf2 Ke7 34. e6
Bxh5 35. gxh5 Kxe6 36. Bg7 Kf5 37. Bxh6 Kg4 38. Bf8 Kxh5 39. Bd6 g4 40. Kg2 Bg5
41. Kf2 Bf6 42. Bf4 Kg6 43. Kg3 Kf5 44. Kf2 d4 45. Bb8 a6 46. Ke2 d3+ 47. Kd2
Be5 0-1

[Event "4NCL Division Three East"]
[Site "Daventry, ENG"]
[Date "2023.03.26"]
[Round "8.36"]
[White "Nguyen, Anh"]
[Black "Reuben, Stewart"]
[Result "1-0"]
[WhiteElo "1845"]
[BlackElo "1921"]
[PlyCount "71"]
[EventDate "2023.03.26"]
[WhiteTeam "Sussex Martlets 2"]
[BlackTeam "MK Phoenix 1"]

1. e4 c5 2. Nf3 g6 3. d4 Bg7 4. Be3 d6 5. Nc3 Nd7 6. Qd2 Ngf6 7. dxc5 dxc5 8.
O-O-O Qc7 9. e5 Ng4 10. e6 fxe6 11. Ng5 Nde5 12. Nb5 Qd7 13. Qxd7+ Bxd7 14.
Nc7+ Kd8 15. Ncxe6+ Kc8 16. Nxg7 Nxe3 17. fxe3 Ng4 18. Re1 h6 19. N5e6 Nf2 20.
Rg1 Ne4 21. Bd3 Ng5 22. Nxg5 hxg5 23. Bc4 Rh4 24. Bd5 Kc7 25. Ne6+ Kd6 26. Rd1
Rb8 27. Nxg5 Bg4 28. Bf3+ Ke5 29. Rd5+ Kf6 30. Ne4+ Ke6 31. Nxc5+ Kf7 32. Rd4
Rc8 33. Nd3 Bf5 34. Rxh4 Bxd3 35. c3 g5 36. Rd4 1-0

[Event "4NCL Division Three East"]
[Site "Daventry, ENG"]
[Date "2023.03.26"]
[Round "8.41"]
[White "Chan, Nevil"]
[Black "Ortiz Sanchez, Luis"]
[Result "1/2-1/2"]
[WhiteElo "2004"]
[BlackElo "2054"]
[PlyCount "97"]
[EventDate "2023.03.26"]
[WhiteTeam "Cambridge University 2"]
[BlackTeam "Iceni 1"]

1. d4 d5 2. Nc3 Nf6 3. Bg5 c6 4. e3 Qb6 5. Rb1 Nbd7 6. Nf3 g6 7. Bd3 Bg7 8. b4
O-O 9. h3 Re8 10. Bf4 Nh5 11. Bh2 Qd8 12. g4 Nhf6 13. Ne5 Nxe5 14. Bxe5 Nd7 15.
Bxg7 Kxg7 16. f4 f6 17. f5 e5 18. fxe6 Nf8 19. Qf3 Nxe6 20. Ne2 Qe7 21. Kd2 Bd7
22. h4 Rf8 23. Nf4 Rad8 24. Nxe6+ Qxe6 25. Rhg1 Qd6 26. Qf4 Qe7 27. c3 Bc8 28.
h5 g5 29. h6+ Kg8 30. Qg3 Be6 31. Rbf1 Bf7 32. Bf5 Bg6 33. Rf2 a5 34. a3 axb4
35. axb4 Ra8 36. Rc1 Ra2+ 37. Rc2 Rxc2+ 38. Kxc2 Bxf5+ 39. gxf5 Re8 40. Kd2 Ra8
41. Qf3 Qf8 42. Qh3 Qb8 43. Kd3 Qa7 44. Rc2 Qa1 45. Qh2 Qf1+ 46. Kd2 Qxf5 47.
Qc7 Qf2+ 48. Kd3 Qf1+ 49. Kd2 1/2-1/2

[Event "4NCL Division Three East"]
[Site "Daventry, ENG"]
[Date "2023.03.26"]
[Round "8.42"]
[White "Jermy, Jaden"]
[Black "Atako, Chino C"]
[Result "0-1"]
[WhiteElo "2128"]
[BlackElo "2023"]
[PlyCount "114"]
[EventDate "2023.03.26"]
[WhiteTeam "Iceni 1"]
[BlackTeam "Cambridge University 2"]

1. Nf3 g6 2. d4 Bg7 3. c4 c5 4. e4 cxd4 5. Nxd4 Nc6 6. Be3 Nf6 7. Nc3 d6 8. f3
Bd7 9. Qd2 Nxd4 10. Bxd4 O-O 11. Be2 Bc6 12. b4 Ne8 13. O-O Bxd4+ 14. Qxd4 Nc7
15. Rfd1 Ne6 16. Qe3 a5 17. a3 Qb8 18. b5 Bd7 19. e5 Ng7 20. Nd5 Qd8 21. Nb6
Rb8 22. c5 Be6 23. g4 h5 24. exd6 exd6 25. Rxd6 Qh4 26. Rad1 hxg4 27. fxg4 Rfe8
28. Qf2 Qe7 29. Bf3 Qg5 30. h4 Qf4 31. R6d4 Qe5 32. Re4 Qc7 33. Bg2 Rbd8 34.
Rxd8 Rxd8 35. Rd4 Re8 36. Rf4 Rd8 37. Rd4 Rxd4 38. Qxd4 Qg3 39. Qf2 Qxg4 40. c6
bxc6 41. bxc6 Nf5 42. Kh2 Nxh4 43. Nd7 Qc4 44. Nf6+ Kg7 45. Ne8+ Kf8 46. Nd6
Qg4 47. Qg3 Qxg3+ 48. Kxg3 Nf5+ 49. Nxf5 gxf5 50. Kf4 Ke7 51. Ke5 f6+ 52. Kd4
Kd6 53. Bf3 Bf7 54. Bg2 f4 55. Bf3 Be8 56. c7 Kxc7 57. Kc5 Bd7 0-1

[Event "4NCL Division Three East"]
[Site "Daventry, ENG"]
[Date "2023.03.26"]
[Round "8.43"]
[White "Alldritt, Nigel R E"]
[Black "Dunn, Maxim"]
[Result "1-0"]
[WhiteElo "1993"]
[BlackElo "2023"]
[PlyCount "107"]
[EventDate "2023.03.26"]
[WhiteTeam "Cambridge University 2"]
[BlackTeam "Iceni 1"]

1. d4 d5 2. c4 c6 3. Nf3 Nf6 4. e3 Bf5 5. Nh4 Be4 6. f3 Bg6 7. Nc3 e6 8. Qb3
Qc7 9. Bd2 Be7 10. Nxg6 hxg6 11. O-O-O a6 12. g3 Nbd7 13. Kb1 O-O 14. cxd5 cxd5
15. Bd3 b5 16. g4 Nb6 17. g5 Nfd7 18. h4 b4 19. Na4 Nxa4 20. Qxa4 Nb6 21. Qc2
Qxc2+ 22. Bxc2 Rfc8 23. Bd3 a5 24. Rdg1 Nc4 25. Bc1 Rab8 26. h5 gxh5 27. Rxh5
g6 28. Rh2 Kg7 29. e4 Rh8 30. Rc2 b3 31. Rc3 Bb4 32. Rxb3 a4 33. Bxc4 axb3 34.
Bxb3 dxe4 35. Bf4 e3 36. Be5+ f6 37. gxf6+ Kf7 38. Bxb8 Rxb8 39. Bc4 Rd8 40.
Rg4 Kxf6 41. Re4 Bd2 42. Rxe6+ Kf5 43. Re4 g5 44. Kc2 Rh8 45. a4 Rh2 46. Kd3
Rf2 47. a5 Rxf3 48. Re5+ Kf4 49. a6 Rf1 50. a7 Ra1 51. Re7 Bb4 52. Rf7+ Kg3 53.
Kxe3 Ra5 54. Bd5 1-0

[Event "4NCL Division Three East"]
[Site "Daventry, ENG"]
[Date "2023.03.26"]
[Round "8.44"]
[White "Calvert, D Ian"]
[Black "Borrowdale, Graham E"]
[Result "1/2-1/2"]
[WhiteElo "2002"]
[BlackElo "1924"]
[PlyCount "45"]
[EventDate "2023.03.26"]
[WhiteTeam "Iceni 1"]
[BlackTeam "Cambridge University 2"]

1. b3 Nf6 2. Bb2 g6 3. Nf3 Bg7 4. g3 O-O 5. Bg2 d5 6. c4 c6 7. O-O Nbd7 8. d4
Ne4 9. Nbd2 f5 10. cxd5 cxd5 11. e3 b6 12. Qc2 Bb7 13. Rfc1 Rc8 14. Qd1 Ndc5
15. Bf1 Nxd2 16. Nxd2 Ne4 17. Nxe4 fxe4 18. Bh3 Rxc1 19. Rxc1 Qd6 20. Qg4 Rf5
21. Qe2 Rf8 22. Qg4 Rf5 23. Qe2 1/2-1/2

[Event "4NCL Division Three East"]
[Site "Daventry, ENG"]
[Date "2023.03.26"]
[Round "8.45"]
[White "Gooding, Ian"]
[Black "Gibbs, Dominic V"]
[Result "1-0"]
[WhiteElo "1949"]
[BlackElo "1949"]
[PlyCount "53"]
[EventDate "2023.03.26"]
[WhiteTeam "Cambridge University 2"]
[BlackTeam "Iceni 1"]

1. e4 c5 2. Nf3 d6 3. d4 cxd4 4. Nxd4 Nf6 5. Nc3 Nc6 6. Bg5 e6 7. Qd2 a6 8. f4
Bd7 9. Nf3 Qa5 10. Bd3 Be7 11. O-O O-O 12. Rae1 h6 13. Bh4 b5 14. e5 dxe5 15.
fxe5 Bc5+ 16. Bf2 Bxf2+ 17. Qxf2 Ng4 18. Qh4 Qb6+ 19. Kh1 Ne3 20. Qe4 Nf5 21.
g4 b4 22. gxf5 exf5 23. Nd5 Qa5 24. Nf6+ gxf6 25. Qh4 Nxe5 26. Nxe5 fxe5 27.
Qxh6 1-0

[Event "4NCL Division Three East"]
[Site "Daventry, ENG"]
[Date "2023.03.26"]
[Round "8.46"]
[White "Lewis, Stephen"]
[Black "Webster, Peter A N"]
[Result "1/2-1/2"]
[WhiteElo "1921"]
[BlackElo "1917"]
[PlyCount "38"]
[EventDate "2023.03.26"]
[WhiteTeam "Iceni 1"]
[BlackTeam "Cambridge University 2"]

1. d4 e6 2. Nc3 d5 3. Bf4 Bd6 4. e3 Bxf4 5. exf4 Bd7 6. g3 Qe7 7. Nf3 Nf6 8.
Bg2 c5 9. O-O Nc6 10. Re1 O-O 11. dxc5 Qxc5 12. Ne5 Rad8 13. Nd3 Qa5 14. a3 Ne7
15. Ne2 Nf5 16. Ne5 Qb6 17. Rb1 h5 18. Nc1 Bb5 19. Ncd3 Nd6 1/2-1/2

[Event "4NCL Division Three East"]
[Site "Daventry, ENG"]
[Date "2023.03.26"]
[Round "8.51"]
[White "Weersing, Abigail Riis"]
[Black "Brown, Thomas"]
[Result "1-0"]
[WhiteElo "2057"]
[BlackElo "2116"]
[PlyCount "73"]
[EventDate "2023.03.26"]
[WhiteTeam "Poisoned Pawns"]
[BlackTeam "Rhyfelwyr Essyllwg"]

1. d4 Nf6 2. c4 g6 3. Nc3 Bg7 4. e4 d6 5. Nge2 O-O 6. Ng3 c5 7. d5 h5 8. Bg5 e6
9. Be2 exd5 10. cxd5 Qb6 11. Qd2 Nh7 12. Bh6 h4 13. Bxg7 Kxg7 14. Nf1 Qd8 15.
Qf4 Qf6 16. Qxf6+ Nxf6 17. Nd2 Bd7 18. Nc4 Ne8 19. a4 Na6 20. O-O Nac7 21. Rfe1
Rd8 22. h3 a6 23. Nb6 Na8 24. Nxa8 Rxa8 25. f4 f6 26. Bf3 Rb8 27. Kh2 Rf7 28.
a5 b5 29. Nd1 Nc7 30. Ne3 Re8 31. Re2 Rfe7 32. Rae1 Kf7 33. f5 Kg7 34. fxg6
Kxg6 35. Nf5 Re5 36. Nxd6 R8e7 37. Nb7 1-0